Normal view
MARC view
- Railroads
Entry Topical Term
001 - CONTROL NUMBER
- control field: 11232
003 - CONTROL NUMBER IDENTIFIER
- control field: NUST
005 - DATE AND TIME OF LATEST TRANSACTION
- control field: 20180625121153.0
008 - FIXED-LENGTH DATA ELEMENTS
- fixed length control field: 180625|| aca||aabn | a|a d
040 ## - CATALOGING SOURCE
- Original cataloging agency: NUST
- Transcribing agency: NUST
150 ## - HEADING--TOPICAL TERM
- Topical term or geographic name entry element: Railroads
- Geographic subdivision: Asia.
670 ## - SOURCE DATA FOUND
- Source citation: Work cat.: (NUST)48239: Theroux, Paul. 11231, The great railway bazaar :, 1975.
